Music Quiz

Random Music Quiz
Score 0/100 Timer 20:00
0 Plays Today
No hints snowflake! Answer % Correct
????
100%
????
45%
????
30%
????
26.7%
????
25%
????
25%
????
23.3%
????
20%
????
18.3%
????
18.3%
????
16.7%
????
16.7%
????
15%
????
15%
????
13.3%
????
13.3%
????
13.3%
????
13.3%
????
13.3%
????
13.3%
????
13.3%
????
11.7%
????
11.7%
????
11.7%
????
11.7%
????
10%
????
10%
????
10%
????
10%
????
10%
????
10%
????
10%
????
10%
????
10%
No hints snowflake! Answer % Correct
????
10%
????
10%
????
10%
????
8.3%
????
8.3%
????
8.3%
????
8.3%
????
8.3%
????
8.3%
????
8.3%
????
8.3%
????
8.3%
????
8.3%
????
6.7%
????
5%
????
5%
????
5%
????
5%
????
5%
????
5%
????
5%
????
5%
????
5%
????
5%
????
5%
????
5%
????
5%
????
5%
????
5%
????
5%
????
3.3%
????
3.3%
????
3.3%
????
3.3%
No hints snowflake! Answer % Correct
????
3.3%
????
3.3%
????
3.3%
????
3.3%
????
3.3%
????
3.3%
????
3.3%
????
3.3%
????
3.3%
????
3.3%
????
3.3%
????
3.3%
????
3.3%
????
3.3%
????
3.3%
????
3.3%
????
3.3%
????
3.3%
????
3.3%
????
3.3%
????
3.3%
????
3.3%
????
3.3%
????
3.3%
????
3.3%
????
3.3%
????
3.3%
????
3.3%
????
3.3%
????
3.3%
????
3.3%
????
1.7%
Remove Ads.
Support Sporcle.
Get the best of Sporcle when you Go Orange. This ad-free experience offers more features, more stats, and more fun while also helping to support Sporcle. Thank you for becoming a member.

You're not logged in!

Compare scores with friends on all Sporcle quizzes.
OR
Log In

Show Comments

Extras

Created Sep 16, 2017ReportNominate
Tags:New Wave

Top Quizzes Today


Score Distribution

Your Account Isn't Verified!

In order to create a playlist on Sporcle, you need to verify the email address you used during registration. Go to your Sporcle Settings to finish the process.

Report this User

Report this user for behavior that violates our Community Guidelines.

Details: